Pays d'Afrique - Statistiques

Statistiques générales
  • Ce quiz a été pris 129 fois
  • Le résultat moyen est 33 sur 54
Réponses sur la Carte
Les réponses sont colorées sur une échelle allant du rouge au vert en fonction du pourcentage des utilisateurs qui les ont devinées à leur premier essai. Vous pouvez retrouver ces pourcentages ci-dessous.
 
Statistiques - réponses
Réponse % Correct
Algérie
81%
Afrique du sud
79%
Madagascar
79%
Tunisie
79%
Libye
77%
Maroc
77%
Egypte
74%
Mauritanie
73%
Soudan
73%
République Démocratique du Congo
69%
Cap-Vert
68%
Éthiopie
68%
Nigeria
68%
Mali
66%
République Centrafricaine
66%
Somalie
66%
Namibie
65%
Soudan du Sud
65%
Côte d'Ivoire
63%
Niger
63%
Tchad
63%
Cameroun
61%
Kenya
61%
Seychelles
61%
Lesotho
60%
Maurice
60%
Mozambique
60%
Sénégal
60%
Angola
58%
Comores
58%
Sao Tomé-et-Principe
58%
Érythrée
56%
Guinée-Bissau
56%
Malawi
56%
Djibouti
55%
Ghana
55%
Guinée
55%
Togo
55%
Zimbabwe
55%
Gabon
53%
Ouganda
53%
Botswana
52%
Burkina Faso
52%
Rwanda
52%
Sierra Leone
52%
Tanzanie
52%
Bénin
50%
Eswatini
50%
Liberia
50%
Burundi
48%
Guinée Équatoriale
48%
République du Congo
48%
Gambie
47%
Zambie
47%
Aucun quiz correspondant
Distribution des résultats
% des personnes avec chaque résultat
Percentile par nombre de réponses
Votre historique - résultats
Vous n’avez pas pris ce quiz